000 00975nam a2200265 a 4500
001 BRCA_1780
005 20190320203539.0
008 930216s1988 sp-a---##b---#001-0#spa-#
020 _a8486022290
040 _aDLC
_cDLC
_dMFM
050 4 _aN8214.5.S4
_b.C33 1988
100 1 _aCabra Loredo, Maria Dolores
_95548
245 1 0 _aIconografía de Sevilla
_b1400-1650
_cMaria Dolores Cabra Loredo ; colaboracion de Elena María Santiago Páez.
260 _aMadrid
_bEl Viso : Fundación Fondo de Cultura de Sevilla
_c1988
300 _a226 p.
_bil. (algunas a color)
_c30 cm.
500 _aIncluye índice onomástico
500 _aColección Sonia Corcuera de Mancera
504 _aBibliografía: p. 283-287
650 1 4 _aArte español
_vCatálogos
_ySiglos XVII-XVIII
_95549
651 4 _aSevilla (España)
_vCatálogos
_xEn el arte
_95550
651 4 _aSevilla (España)
_xHistoria
_95551
700 1 _aSantiago Páez, Elena María
_95552
902 _aDSC
942 _2lcc
_cB
999 _c1562
_d1562